[Event "Vienna Chess Open 2019"]
[Site "Vienna"]
[Date "2019.08.18"]
[Round "3.3"]
[White "Seresin, Francesco"]
[Black "Palac, Mladen"]
[Result "0-1"]
[WhiteElo "2362"]
[BlackElo "2551"]
[Annotator "TA"]
[PlyCount "72"]
[EventDate "2019.08.17"]
[EventType "swiss"]
[EventCountry "AUT"]
[SourceTitle "playchess.com"]
[Source "ChessBase"]
[SourceQuality "1"]

{[%evp 9,72,6,14,-9,-22,-56,-48,-31,-47,-78,-66,-90,-91,-111,-95,-177,-172,-173,-179,-166,-174,-179,-120,-126,-118,-147,-141,-145,-142,-127,-83,-95,-88,-96,-124,-142,-85,-138,-113,-137,-156,-179,-100,-193,-192,-192,-181,-220,-194,-215,-222,-209,-208,-195,-201,-314,-327,-472,-434,-461,-436,-631,-622,-1136,-1134]} 1. d4 Nf6 2. c4 e6 3. Nc3 Bb4 4. e3 O-O 5. Bd3 b6 6. f3 {E47: Nimzo-Indian: Rubinstein: 5 Bd3 without ...d5} (6. Nf3 Bb7 7. O-O c5 8. Bd2 cxd4 9. exd4 d5 10. cxd5 Nxd5 11. a3 {½-½ (11) Korobov,A (2675)-Ter Sahakyan,S (2601) Karlsruhe 2019}) 6... c5 7. a3 Bxc3+ $1 8. bxc3 {Black is slightly better.} Nc6 {[%cal Bb8c6,Bc6a5,Ba5b3][%mdl 32]} 9. Nh3 d6 10. Nf4 Na5 11. e4 $146 ({Predecessor:} 11. O-O Ba6 12. g4 Bxc4 13. Bxc4 Nxc4 14. Ra2 Re8 15. Rg2 e5 16. Nh5 exd4 17. exd4 {0-1 (31) Jankovec,I (2375)-Augustin,J (2405) Ostrava 1976}) 11... Ba6 12. Qe2 (12. O-O $17 {was necessary.}) 12... cxd4 $1 $19 13. cxd4 Nb3 14. Rb1 Nxd4 15. Qe3 e5 (15... Nc6 $19 16. Bb2 Ne5) 16. O-O $17 Rc8 17. Bb2 Nb3 (17... exf4 $6 18. Qxd4 Rc6 19. Rf2 $11) 18. Nd5 Na5 19. f4 Nd7 20. fxe5 Nxe5 21. Bxe5 dxe5 22. Rbd1 Bb7 (22... Bxc4 $6 23. Nf6+ $1 {[%mdl 512]} gxf6 24. Bxc4 $11) ({Black should play} 22... Kh8 23. c5 Bxd3 24. Rxd3 bxc5) 23. Rf3 (23. Be2 $142 Bxd5 24. cxd5) 23... Bxd5 (23... Nxc4 24. Bxc4 Rxc4 25. Nf6+ $1 {[%mdl 512]} gxf6 26. Rg3+ Kh8 27. Rxd8 $14) 24. exd5 Qd6 $1 (24... Nxc4 25. Qe4 $1 $14 {[%mdl 512]}) 25. Kh1 {[#]} Rce8 ({Don't take} 25... Nxc4 {[#]} 26. Qe4 $1 $17 {[%mdl 512]}) (25... Rfe8 $1 $19 26. Re1 g6) 26. Qe4 (26. g4 $17) 26... g6 $19 27. g4 Nb7 {And now ...Nc5 would win.} 28. g5 Nc5 ({Resist} 28... Qxa3 29. Qh4) 29. Qh4 e4 {[%mdl 64] Double Attack} 30. Rh3 {[%csl Gh3][%cal Rh4h7]} h5 31. Be2 Qe5 32. Rf1 (32. Re3 {might work better.}) 32... e3 33. Rff3 (33. Qf4 $142) 33... Qb2 {Black is clearly winning.} 34. Qe1 Qd2 35. Qf1 (35. Rf1 $142 Re5 36. Qxd2 exd2 37. Bd1) 35... Ne4 36. Rh4 Nc3 {Accuracy: White = 24%, Black = 77%.} 0-1

[Event "Vienna Chess Open 2019"]
[Site "Vienna"]
[Date "2019.08.18"]
[Round "3.3"]
[White "Morgunov, Daniel"]
[Black "Bakhmatsky, Vladislav"]
[Result "0-1"]
[WhiteElo "2329"]
[BlackElo "2442"]
[Annotator "TA"]
[PlyCount "56"]
[EventDate "2019.08.17"]
[EventType "swiss"]
[EventCountry "AUT"]
[SourceTitle "playchess.com"]
[Source "ChessBase"]
[SourceQuality "1"]

{[%evp 9,56,14,26,18,18,14,20,20,12,9,15,12,25,2,58,-8,4,-20,-3,-3,-4,0,0,-26,0,-46,-52,-77,-79,-77,-76,-71,-80,-80,-93,-87,-67,-83,-69,-81,-89,-78,-77,-67,-16,-16,-25,-6170,-5803]} 1. e4 c5 2. Nf3 d6 3. Bb5+ Nd7 4. O-O a6 5. Bd3 Ngf6 6. Re1 {B51: Sicilian: Moscow Variation (3 Bb5+) without 3...Bd7} e6 7. c3 b5 8. Bc2 {The position is equal.} Bb7 9. d4 Be7 10. a4 Qb8 $146 ({Predecessor:} 10... Qb6 11. e5 dxe5 12. dxe5 Nd5 {0-1 (33) Mamedov,R (2709)-Sarana,A (2562) chess.com INT 2018}) 11. e5 Nd5 ({Black should try} 11... dxe5 $11 12. dxe5 Nd5) 12. exd6 (12. Bg5 $14) 12... Bxd6 $11 13. h3 c4 14. Nbd2 O-O 15. Ne4 Bf4 16. Bxf4 Nxf4 17. Qc1 f5 18. Ne5 Nxh3+ ({But not} 18... Nxe5 $6 19. Qxf4 Bxe4 20. Bxe4 $11) 19. gxh3 Nxe5 20. dxe5 {[#] aiming for Nd6.} fxe4 21. Bxe4 Bxe4 22. Rxe4 Qb7 $36 {[%mdl 2048] White is under pressure.} 23. Qe3 Rad8 {White must now prevent ...Rd3.} 24. axb5 Qxb5 25. Rd4 {[#]} Rxd4 $1 26. Qxd4 Qxb2 ({Black should play} 26... h6 $15) 27. Rxa6 Qb1+ 28. Kg2 $2 {[%mdl 8192]} (28. Kh2 $11) 28... Qb7+ {[%mdl 64] Double Attack. Accuracy: White = 52%, Black = 66%.} 0-1

[Event "Vienna Chess Open 2019"]
[Site "Vienna"]
[Date "2019.08.18"]
[Round "3.3"]
[White "Herman, Diego"]
[Black "Soysal, Serkan"]
[Result "1-0"]
[WhiteElo "2185"]
[BlackElo "2388"]
[Annotator "TA"]
[PlyCount "67"]
[EventDate "2019.08.17"]
[EventType "swiss"]
[EventCountry "AUT"]
[SourceTitle "playchess.com"]
[Source "ChessBase"]
[SourceQuality "1"]

{[%evp 14,67,19,17,31,31,47,37,45,-53,-46,-58,-62,-56,-62,-53,-58,-56,-47,-59,-53,-65,-16,-16,0,0,0,0,0,0,0,0,0,0,0,-5,-8,-20,-17,-146,-131,-154,-148,-133,0,0,0,0,-10,-28,0,0,515,527,516,521]} 1. Nf3 Nf6 2. c4 b6 3. g3 Bb7 4. Bg2 e6 5. O-O Be7 6. d4 O-O 7. Nc3 Na6 8. b3 Ne4 {E18: Queen's Indian: Old Main Line (4 g3 Bb7 5 Bg2 Be7 6 0-0 0-0 7 Nc3)} (8... d5 9. Qc2 c5 10. cxd5 Nxd5 11. Nxd5 Bxd5 12. Rd1 cxd4 13. Nxd4 Rc8 14. Qd2 Bb4 15. Qd3 Bc3 16. Ba3 Bxa1 17. Bxf8 Bxd4 18. Qxa6 Bxg2 {1-0 (58) Wang,Y (2703)-Tiviakov,S (2643) Khanty-Mansiysk 2007}) 9. Bb2 Bf6 10. Rc1 c5 {White is slightly better.} 11. d5 $146 (11. Nb5 $14) ({Predecessor:} 11. dxc5 bxc5 12. Ne1 Bxc3 13. Bxc3 Nxc3 14. Rxc3 Qc7 15. Bxb7 Qxb7 16. Rd3 {½-½ (34) Yurtseven,M (2404)-Soysal,S (2406) Ankara 2018}) 11... exd5 $15 12. cxd5 Nxc3 13. Bxc3 Bxc3 14. Rxc3 Nb4 15. e4 Nxa2 16. Re3 Nb4 17. Nh4 Re8 18. d6 g6 19. f4 b5 {White must now prevent ...c4.} 20. e5 Bxg2 21. Kxg2 c4 22. bxc4 bxc4 23. f5 {Qg4 is the strong threat.} Qg5 24. Re4 Nd3 25. e6 dxe6 ({Of course not} 25... fxe6 26. Rg4 $16) 26. Rxc4 (26. Qe2 $1 $11 Rab8 27. Rxc4) 26... Nb2 $1 $17 {[%cal Rb2d1]} 27. Qc1 Qxc1 28. Rcxc1 exf5 (28... gxf5 $17 {Threatens to win with ...Red8.} 29. Rc7 Nd3) 29. d7 $1 $11 {[%cal Rd7e8]} Red8 30. Rc7 Nd3 31. Nf3 $1 f6 {Strongly threatening ...Kf7.} 32. Rd1 Ne5 $2 {[%mdl 8192] [#]} (32... Nb4 $1 $11) 33. Nxe5 $1 $18 fxe5 {[#]} 34. Rdc1 $1 {Accuracy: White = 55%, Black = 63%.} 1-0

[Event "Vienna Chess Open 2019"]
[Site "Vienna"]
[Date "2019.08.18"]
[Round "3.4"]
[White "Nasuta, Grzegorz"]
[Black "Baenziger, Fabian"]
[Result "1-0"]
[WhiteElo "2533"]
[BlackElo "2358"]
[Annotator "TA"]
[PlyCount "49"]
[EventDate "2019.08.17"]
[EventType "swiss"]
[EventCountry "AUT"]
[SourceTitle "playchess.com"]
[Source "ChessBase"]
[SourceQuality "1"]

{[%evp 18,49,27,13,44,0,0,0,0,0,7,0,15,-25,29,10,19,10,145,150,187,171,221,172,172,164,177,167,169,171,160,143,288,296]} 1. e4 c5 2. Nf3 d6 3. Bb5+ Nd7 4. c3 Ngf6 5. Qe2 a6 6. Ba4 e5 7. O-O Be7 8. Bc2 b5 9. d4 O-O 10. Rd1 Qc7 {B51: Sicilian: Moscow Variation (3 Bb5+) without 3...Bd7} 11. d5 (11. h3 Bb7 12. d5 g6 13. Bg5 Rfe8 14. g4 h5 15. Nh2 Nxd5 16. exd5 Bxg5 17. gxh5 Nf6 18. hxg6 fxg6 19. Bxg6 {0-1 (26) Najer,E (2679)-Lu,S (2627) Doha 2016}) 11... c4 12. Nbd2 Nc5 {The position is equal.} 13. b3 $146 ({Predecessor:} 13. Nf1 Re8 14. Ng3 h6 {1-0 (47) Iotov,V (2524)-Li,R (2444) Dallas 2015}) 13... a5 14. Bb2 Nh5 15. Qe3 Na6 (15... cxb3 $142 16. axb3 Bd7) 16. bxc4 $11 bxc4 17. Ba3 a4 {[#]} (17... Nf4 $11) 18. Rab1 $1 $16 Nf4 19. g3 ({Inferior is} 19. Bxa4 Nc5 $15) 19... Ng6 20. Rb6 ({Stronger than} 20. Bxa4 Nc5 $11) 20... Bd7 21. Rdb1 Rfb8 22. Rxb8+ Rxb8 23. Rxb8+ Nxb8 24. h4 Nf8 {[#]} (24... Bb5 $16) 25. Nxe5 $1 {[%mdl 576] Pin. Accuracy: White = 64%, Black = 27%.} 1-0

[Event "Vienna Chess Open 2019"]
[Site "Vienna"]
[Date "2019.08.18"]
[Round "3.4"]
[White "Bick, Gabriel"]
[Black "Ragger, Anna-Christina"]
[Result "1-0"]
[WhiteElo "2375"]
[BlackElo "2241"]
[Annotator "TA"]
[PlyCount "83"]
[EventDate "2019.08.17"]
[EventType "swiss"]
[EventCountry "AUT"]
[SourceTitle "playchess.com"]
[Source "ChessBase"]
[SourceQuality "1"]

{[%evp 15,83,25,74,71,69,77,74,64,68,63,74,50,90,18,125,128,132,145,132,120,127,112,138,103,102,92,100,92,266,264,318,329,327,326,325,304,305,291,285,267,374,374,374,374,367,361,466,488,477,466,461,456,540,519,505,415,603,601,581,586,576,559,1004,904,29956,29960,5900,5775,1875,1140]} 1. e4 e5 2. Nf3 Nc6 3. Bc4 Nf6 4. Ng5 d5 5. exd5 Na5 6. Bb5+ c6 7. dxc6 bxc6 8. Bd3 h6 9. Ne4 {C58: Two Knights: 4 Ng5 d5 5 exd5 Na5 sidelines} Nd5 10. O-O Nf4 (10... Be7 11. Ng3 h5 12. Re1 h4 13. Nf5 Bf6 14. Be4 Be6 15. d4 Nb6 16. Bd2 Nbc4 17. Bxa5 Nxa5 {1-0 (33) Riazantsev,A (2692)-Sokolov,I (2650) Saint-Quentin 2014}) 11. Re1 {White is better.} Nxd3 12. cxd3 Be7 13. b4 Qd4 $146 ({Predecessor:} 13... Bxb4 14. Qa4 Be7 15. Ba3 Bxa3 16. Qxa3 Nb7 {1-0 (64) Markovic,I (2469)-Nestorovic,N (2447) Palic 2014}) 14. Nec3 (14. Na3 $16 {Black must now prevent Nc2.} Nb7 15. Nc2 Qxd3 16. Bb2) 14... Bxb4 (14... Nb7 $1 $11 {keeps the balance.}) 15. Re4 $16 Qd6 {[#]} 16. Qa4 $1 Rb8 17. Ba3 Bxa3 18. Nxa3 Qc7 19. Nd5 $36 {[%mdl 2048] Black is under strong pressure.} Qd6 20. Qxa5 cxd5 21. Nb5 Rxb5 $2 (21... Qb6 $16 22. Nc7+ {[%mdl 64] Discovered Attack} (22. Rxe5+ Be6 $16) 22... Kf8 23. Rxe5 Kg8) 22. Qxb5+ $18 Bd7 23. Qb4 Qxb4 24. Rxb4 {[%mdl 4096] Endgame And now Rb8+ would win. KRR-KRB} Ke7 25. Rc1 a5 26. Rb6 a4 27. a3 f6 (27... Rc8 $142 28. Rxc8 Bxc8) 28. Re1 Kf7 {[#]} 29. d4 $1 e4 (29... exd4 30. Rd6) 30. f3 f5 31. Rd6 Be6 32. Rc1 Ke7 33. Rb6 f4 34. fxe4 dxe4 35. Rc5 {Threatens to win with Re5.} Bb3 (35... Rd8 $142 36. Re5 Rd6) 36. Rc7+ Kd8 37. Rxg7 {[%cal Rb6b8]} Kc8 38. Rgb7 e3 39. dxe3 fxe3 40. Rb8+ Kc7 41. R6b7+ Kc6 42. Rxh8 {Accuracy: White = 84%, Black = 50%.} 1-0

[Event "Vienna Chess Open 2019"]
[Site "Vienna"]
[Date "2019.08.18"]
[Round "3.4"]
[White "Oboladze, Luka"]
[Black "Markoja, Boris"]
[Result "0-1"]
[WhiteElo "2323"]
[BlackElo "2440"]
[Annotator "TA"]
[PlyCount "82"]
[EventDate "2019.08.17"]
[EventType "swiss"]
[EventCountry "AUT"]
[SourceTitle "playchess.com"]
[Source "ChessBase"]
[SourceQuality "1"]

{[%evp 11,82,0,14,14,33,18,15,14,11,18,11,-8,0,0,0,-3,2,-14,-10,-18,0,-31,-31,-55,-19,-12,-22,-20,-27,-53,-25,-42,0,0,0,-18,-12,-46,-13,-29,-26,-20,-13,-88,-18,-18,-16,-54,-39,-37,-26,-18,-18,-17,-29,-18,0,-42,-33,-70,-67,-97,-104,-104,-111,-98,-89,-94,-101,-87,-99,-557,-565]} 1. d4 Nf6 2. Nf3 e6 3. Bf4 c5 4. c3 d5 5. e3 Nc6 6. Nbd2 cxd4 7. exd4 {D02: 1 d4 d5 2 Nf3 sidelines, including 2...Nf6 3 g3 and 2...Nf6 3 Bf4} Nh5 8. Bg5 f6 9. Be3 {[#] Threatens to win with g4.The position is equal.} Bd6 10. g3 O-O 11. Bg2 g6 12. O-O Ng7 13. c4 $146 ({Predecessor:} 13. Bh6 Qd7 14. c4 Rd8 15. Bxg7 Kxg7 16. cxd5 exd5 {0-1 (45) Cech,P (2371)-Wang,H (2706) Czech Republic 2018}) 13... Ne7 14. Ne1 Ngf5 15. Nd3 Bd7 16. Bf4 Bxf4 17. Nxf4 {[%cal Rc4d5]} Nxd4 18. Nb3 Nxb3 19. Qxb3 {[%cal Rc4d5]} g5 20. Nd3 {[%cal Rc4d5]} Qb6 21. Qa3 Rae8 22. cxd5 Nxd5 23. Rfe1 Rc8 24. Rad1 Rc2 25. Rc1 Rxc1 26. Rxc1 Rc8 (26... h6 {feels hotter.} 27. Nc5 Rc8 28. Bf1 Be8 29. Na4 Qd8) 27. Re1 (27. Rxc8+ $11 Bxc8 28. h4) 27... Qa6 (27... Be8 $17 28. Bxd5 exd5) 28. Qxa6 $11 bxa6 29. b4 Kf7 30. Nc5 {Hoping for Bxd5.} Rc7 31. Nxa6 Rc2 32. Nc5 {Black must now prevent Bxd5.} Bc8 33. a3 Nc3 34. Ne4 {And now Nd6+ would win.} Ke7 35. Bf3 Nb5 36. Nc5 Nd4 37. Be4 Rc3 38. Re3 Rc1+ 39. Kg2 f5 40. Bd3 g4 41. Be2 $2 {[%mdl 8192] [#]} (41. h3 $17 {is a better chance.}) 41... Nc2 $1 {Accuracy: White = 39%, Black = 52%.} 0-1

[Event "Vienna Chess Open 2019"]
[Site "Vienna"]
[Date "2019.08.18"]
[Round "3.5"]
[White "Ozen, Deniz"]
[Black "Dobrovoljc, Vid"]
[Result "0-1"]
[WhiteElo "2429"]
[BlackElo "2331"]
[Annotator "TA"]
[PlyCount "66"]
[EventDate "2019.08.17"]
[EventType "swiss"]
[EventCountry "AUT"]
[SourceTitle "playchess.com"]
[Source "ChessBase"]
[SourceQuality "1"]

{[%evp 9,78,22,14,13,16,0,2,0,13,0,11,0,9,0,4,0,11,-10,-6,0,-6,-27,-21,-20,-20,-50,-44,-56,-61,-56,-48,-54,-26,-33,-21,-23,-9,-60,-63,-50,-31,-31,-20,-101,-117,-91,0,-103,-99,-144,-92,-43,-75,-106,-72,-112,-107,-114,-83,-131,-13,-465,-465,-1197,-1141,-2572,-2393,-2129,-1994,-29980,-29969]} 1. e4 c5 2. Nf3 d6 3. Bb5+ Nd7 4. Ba4 a6 5. c4 Ngf6 6. Nc3 {B51: Sicilian: Moscow Variation (3 Bb5+) without 3...Bd7} e6 7. O-O Be7 8. d3 {The position is equal.} O-O 9. a3 Qc7 10. Rb1 b6 $146 ({Predecessor:} 10... Rd8 11. h3 b6 {0-1 (68) Kovalenko,I (2657)-Artemiev,V (2709) St Petersburg 2018}) 11. h3 Bb7 12. Re1 Rad8 13. Bf4 Ne5 14. Bh2 Nfd7 15. Nxe5 dxe5 16. Qe2 Nb8 17. Qh5 Bf6 18. Qf3 Nc6 19. Bxc6 Bxc6 20. b4 Qd6 21. Red1 b5 22. Bg3 Rc8 23. Ne2 ({White should play} 23. cxb5 $11 axb5 24. Qe3) 23... Rfd8 $15 24. d4 bxc4 {[%cal Rc5d4]} 25. bxc5 Qd7 {[%cal Re5d4]} (25... Qe7 $5 {[%cal Re5d4]} 26. dxe5 Rxd1+ 27. Rxd1 Bg5 $11) 26. dxe5 (26. Bxe5 $11 Bxe5 27. dxe5 Qxd1+ 28. Rxd1 Rxd1+ 29. Kh2) 26... Qxd1+ $17 27. Rxd1 Rxd1+ 28. Kh2 {[#]} Be7 $1 29. Qg4 {Nf4 would now be nice for White.} Rd2 ({And not} 29... Bxc5 30. Nf4 $14) (29... Bf8 $142 30. f4 Bd7) 30. Bf4 Rb2 31. Bh6 {[%csl Gh6][%cal Rg4g7]} g6 (31... Bf8 {is more complex.} 32. Ng3 Kh8 33. Be3 Ba4 34. Nh5 h6) 32. Be3 h5 33. Qf3 Bf8 {Played: Rb2-b3} 0-1

[Event "Vienna Chess Open 2019"]
[Site "Vienna"]
[Date "2019.08.18"]
[Round "3.5"]
[White "Vogt, Lothar"]
[Black "Shengelia, David"]
[Result "0-1"]
[WhiteElo "2358"]
[BlackElo "2523"]
[Annotator "TA"]
[PlyCount "60"]
[EventDate "2019.08.17"]
[EventType "swiss"]
[EventCountry "AUT"]
[SourceTitle "playchess.com"]
[Source "ChessBase"]
[SourceQuality "1"]

{[%evp 18,120,15,0,0,-22,0,-32,-19,-31,-28,-25,-16,-66,-56,-65,-75,-93,-73,-64,-64,-60,-62,-58,-58,-62,-63,-86,-70,-72,-66,-92,-90,-99,-104,-120,-110,-110,-106,-168,-170,-184,-177,-219,-226,-218,-225,-222,-230,-232,-243,-244,-243,-235,-229,-213,-221,-224,-199,-220,-202,-177,-162,-250,-228,-225,-192,-316,-310,-339,-320,-325,-307,-297,-194,-222,-74,-78,-77,-77,-77,-78,-78,-146,-78,-87,-77,-77,-77,-79,-81,-80,-82,-232,-143,-108,-135,-177,-164,-250,-223,-426,-397,-930,-857]} 1. e4 c5 2. Nf3 d6 3. d4 cxd4 4. Nxd4 Nf6 5. Nc3 a6 6. Be2 e5 7. Nb3 Be7 8. O-O O-O 9. Kh1 Nc6 10. f4 b5 {[%cal Bb7b5,Bb5b4][%mdl 32] B92: Sicilian Najdorf: 6 Be2} 11. Bd3 (11. Bf3 b4 12. Nd5 a5 13. fxe5 Nxe5 14. a3 Nxd5 15. exd5 Ba6 16. Be2 Bb7 17. Rf4 Bg5 18. Rd4 Bxc1 19. Qxc1 {0-1 (27) Dervishi,E (2559)-Saric,I (2691) Brixen Bressanone 2019}) 11... Nb4 $146 12. Be3 Nxd3 {Black is slightly better.} 13. cxd3 b4 14. Na4 Rb8 15. Nd2 Ng4 16. Bg1 exf4 17. Rxf4 Bg5 (17... Ne5 {keeps more tension.} 18. d4 Bg5 19. Rf1 Bg4 20. Qc2 Rc8) 18. Rf1 Ne3 19. Bxe3 $1 Bxe3 20. Nf3 Rb5 21. Qe2 Ba7 22. d4 Bg4 23. Rad1 Re8 24. Qd3 h6 25. Rde1 Bh5 26. d5 Bg6 $1 27. Qc4 Qc8 28. Qxc8 (28. Qd3 $17 {is a better defense.}) 28... Rxc8 $19 29. Nh4 Bh7 $1 30. Re2 g5 {Played: Rc8-e8} 0-1

[Event "Vienna Chess Open 2019"]
[Site "Vienna"]
[Date "2019.08.18"]
[Round "3.5"]
[White "Bai, Adelard"]
[Black "Kaasen, Tor Fredrik"]
[Result "0-1"]
[WhiteElo "2033"]
[BlackElo "2373"]
[Annotator "NA"]
[PlyCount "68"]
[EventDate "2019.08.17"]
[EventType "swiss"]
[EventCountry "AUT"]
[SourceTitle "playchess.com"]
[Source "ChessBase"]
[SourceQuality "1"]
[TimeControl "40/5400+30:1800+30"]

1. d4 {[%emt 0:00:00]} Nf6 {[%emt 0:00:00]} 2. c4 {[%emt 0:00:00]} e6 {[%emt 0:00:19]} 3. Nf3 {[%emt 0:00:27]} d5 {[%emt 0:00:30]} 4. g3 {[%emt 0:00:20]} Bb4+ {[%emt 0:00:56]} 5. Bd2 {[%emt 0:00:20]} Be7 {[%emt 0:00:21]} 6. Bg2 {[%emt 0:00:38]} O-O {[%emt 0:00:12]} 7. O-O {[%emt 0:00:41]} c6 {[%emt 0:00:33]} 8. Qc2 {[%emt 0:00:38]} b6 {[%emt 0:00:46]} 9. Bf4 {[%emt 0:02:52]} Ba6 {[%emt 0:04:23]} 10. Nbd2 {[%emt 0:02:20]} Nbd7 {[%emt 0:00:49]} 11. Rfe1 {[%emt 0:03:46]} Nh5 {[%emt 0:05:35]} 12. Be3 {[%emt 0:09:28]} Rc8 {[%emt 0:00:56]} 13. b3 {[%emt 0:07:16]} f5 {[%emt 0:02:43]} 14. Bh3 {[%emt 0:05:57]} g5 {[%emt 0:04:55]} 15. g4 {[%emt 0:07:40]} Ng7 {[%emt 0:00:28]} 16. Nf1 {[%emt 0:00:31]} fxg4 {[%emt 0:08:10]} 17. Bxg4 {[%emt 0:03:28]} h5 {[%emt 0:00:09]} 18. Bh3 {[%emt 0:04:02]} g4 {[%emt 0:01:15]} 19. Bg2 {[%emt 0:00:12]} gxf3 {[%emt 0:00:17]} 20. Bxf3 {[%emt 0:00:06]} Nf6 {[%emt 0:03:55]} 21. Kh1 {[%emt 0:00:22]} Bd6 {[%emt 0:04:49]} 22. Qg6 {[%emt 0:01:06]} Qe8 {[%emt 0:00:42]} 23. Qg2 {[%emt 0:00:15]} Kh7 {[%emt 0:00:54]} 24. Bg5 {[%emt 0:01:35]} Qg6 {[%emt 0:01:16]} 25. Nd2 {[%emt 0:00:58]} Bb4 {[%emt 0:00:43]} 26. Rad1 {[%emt 0:01:17]} Bxd2 {[%emt 0:01:03]} 27. Rxd2 {[%emt 0:00:08]} Ne4 {[%emt 0:00:09]} 28. Bxe4 {[%emt 0:00:15]} Qxe4 {[%emt 0:00:56]} 29. f3 {[%emt 0:00:13]} Qg6 {[%emt 0:00:29]} 30. e4 {[%emt 0:00:24]} Rf7 {[%emt 0:00:30]} 31. h4 {[%emt 0:00:56]} Rcf8 {[%emt 0:00:10]} 32. cxd5 {[%emt 0:00:22]} cxd5 {[%emt 0:00:32]} 33. Re3 {[%emt 0:00:17]} dxe4 {[%emt 0:01:19]} 34. fxe4 {[%emt 0:00:07]} Bb7 {[%emt 0:00:11]} 0-1

[Event "Vienna Chess Open 2019"]
[Site "Vienna"]
[Date "2019.08.18"]
[Round "3.6"]
[White "Gilevych, Artem"]
[Black "Paszewski, Mateusz"]
[Result "1-0"]
[WhiteElo "2424"]
[BlackElo "2329"]
[Annotator "TA"]
[PlyCount "105"]
[EventDate "2019.08.17"]
[EventType "swiss"]
[EventCountry "AUT"]
[SourceTitle "playchess.com"]
[Source "ChessBase"]
[SourceQuality "1"]

{[%evp 22,105,17,20,18,29,39,18,69,38,109,106,110,108,102,93,109,104,122,110,126,126,127,126,113,83,91,102,100,101,191,64,67,0,91,88,115,114,131,137,126,125,133,135,158,149,156,165,164,152,161,132,158,157,167,168,154,155,141,140,115,99,173,144,129,127,204,213,312,312,371,379,374,372,366,372,368,369,365,365,358,350,333,327,312,206]} 1. d4 d5 2. c4 c6 3. Nc3 Nf6 4. Nf3 e6 5. e3 Nbd7 6. Qc2 Bd6 7. Bd3 O-O 8. O-O dxc4 9. Bxc4 b5 10. Be2 Bb7 11. Rd1 Qc7 12. e4 {Strongly threatening e5.} e5 {D46: Semi-Slav: 5 e3 Nbd7 6 Bd3, Black avoids the Meran} 13. Bg5 exd4 14. Rxd4 Bc5 ({Better is} 14... Ne5 $11) 15. Rd2 Rfe8 (15... Ne5 $14) 16. Bxf6 $16 Nxf6 17. e5 {[#]} Nd7 $146 ({Predecessor:} 17... Ng4 18. Ne4 Be7 19. Nd6 Red8 20. Rad1 Bxd6 21. exd6 {1-0 (39) Arizmendi Martinez,J (2551)-Salgado Lopez,I (2597) El Sauzal 2010}) 18. Ne4 Be7 {[#]} 19. e6 $1 fxe6 {[#]} 20. Bxb5 $1 {[%mdl 512]} h6 (20... cxb5 21. Qxc7) 21. Bc4 Nf8 22. Qb3 Kh8 23. Rad1 c5 24. Nd6 Bxd6 25. Rxd6 Rab8 (25... Bd5 $16 {is a better defense.} 26. Bxd5 Rab8) 26. R6d2 (26. Ne5 $18) 26... Qf4 $14 {aiming for ...Bxf3.} 27. Qc3 (27. Be2 $14) 27... e5 (27... Bxf3 $1 $11 28. gxf3 Ng6) 28. Ne1 Qg5 29. Qg3 $36 {[%mdl 2048] White is in control.} Qf4 30. b3 Qxg3 31. hxg3 e4 32. Nc2 Bc6 33. Ne3 Kh7 34. Rd6 Rec8 35. Ba6 Bb7 36. Nc4 Re8 37. Bxb7 Rxb7 38. Rc6 Rd7 39. Re1 Rd5 40. f3 Nd7 41. Rxe4 Rd1+ (41... Rxe4 $16 42. fxe4 Rd1+ 43. Kf2 Nb6) 42. Kf2 $18 Rxe4 43. fxe4 $16 {[%mdl 4096] Endgame KRN-KRN} Nf6 (43... Nb6 $16 44. Ne5 (44. Nxb6 axb6 45. Ke3 Ra1 $16) (44. Rxc5 Nxc4 45. bxc4 Rd2+ 46. Ke3 Rxg2 $16) 44... Rd2+ 45. Kf3 Rxa2) 44. e5 $18 Ng4+ (44... Ne4+ $142 45. Kf3 Rd4) 45. Ke2 Rg1 46. e6 {Threatens to win with e7.} Kg6 47. e7+ Kf7 48. Rc7 {Threatening mate with Nd6+.} ({Not} 48. Rxc5 Kxe7 49. Rc7+ Kf6 $18) 48... Nf6 49. Nd6+ Ke6 50. e8=Q+ Nxe8 51. Nxe8 Rxg2+ 52. Kf3 Rxa2 53. Rxc5 {Accuracy: White = 72%, Black = 44%.} 1-0